Central Library OPAC University of Rajshahi

Advances in Microbial Control of Insect Pests/ (Record no. 58621)

MARC details
000 -LEADER
fixed length control field 00609nam a2200217 4500
001 - CONTROL NUMBER
control field 58621
003 - CONTROL NUMBER IDENTIFIER
rucl marc code BD-RjUL
005 - DATE AND TIME OF LATEST TRANSACTION
control field 20211209080636.0
008 - FIXED-LENGTH DATA ELEMENTS--GENERAL INFORMATION
fixed length control field 161219s2003 uc ||||| |||| 00| 0 eng d
020 ## - INTERNATIONAL STANDARD BOOK NUMBER
International Standard Book Number 9788181288417
035 ## - SYSTEM CONTROL NUMBER
System control number (BD-RjUL)58745
040 ## - CATALOGING SOURCE
Language of cataloging eng
Transcribing agency BD-RjUL
041 ## - LANGUAGE CODE
Language code of text/sound track or separate title eng
082 ## - DEWEY DECIMAL CLASSIFICATION NUMBER
Edition number 23
Classification number 632.9517
Author mark and year UPA 2003
100 ## - MAIN ENTRY--PERSONAL NAME
Personal name Upadhyay, Rajeev K
9 (RLIN) 174204
245 01 - TITLE STATEMENT
Title Advances in Microbial Control of Insect Pests/
Statement of responsibility, etc. Rajeev K Upadhyay
260 ## - PUBLICATION, DISTRIBUTION, ETC. (IMPRINT)
Place of publication, distribution, etc. Boston, MA :
Name of publisher, distributor, etc. Springer US,
Date of publication, distribution, etc. 2003.
300 ## - PHYSICAL DESCRIPTION
Pagination xi, 330 p.;
Size 24cm.
650 ## - SUBJECT ADDED ENTRY--TOPICAL TERM
Topical term or geographic name as entry element Microbial insecticides
9 (RLIN) 174205
942 ## - ADDED ENTRY ELEMENTS (KOHA)
Source of classification or shelving scheme Dewey Decimal Classification
Koha item type Books
Holdings
Lost status Source of classification or shelving scheme Damaged status Not for loan Permanent Location Current Location Shelving location Date acquired Source of acquisition Cost, normal purchase price Total Checkouts Full call number Date last seen Copy number Koha item type
  Dewey Decimal Classification   Not For Loan Institute of Biological Sciences (IBSc) Library Institute of Biological Sciences (IBSc) Library Institute Library 15/12/2016 Paragon 3771.00   632.9517 UPA 2003 19/12/2016 C-1 Books